000 00367 a2200169 4500
001 183890
020 _a85-322-0175-X9
040 _cMagnum
100 _aGomes, Alvaro Cardoso
240 1 0 _aO menino invisível
_lpor
245 1 0 _aO menino invisível
300 _a29
362 0 _a1998
440 1 _aFTD
697 _aLITERATURA INFANTO-JUVENIL
942 _cBK
999 _c183890
_d183890